000 nam a22 7a 4500
999 _c28274
_d28273
003 OSt
005 20170519103847.0
008 170519b xxu||||| |||| 00| 0 eng d
020 _a9780205795819
040 _aMMU
_beng
_cMMU
_dMMU
050 _aBF76.7.C58 2010
245 _aWhat every student should know about citing sources with APA Documentation/
_cChalon E.Anderson...[et al.].
260 _aNew York:
_bAll 7Bcon,
_c2010.
300 _avii,51p.;
650 _aciting sources with APA documentation
942 _2lcc
_cLOAN LOAN